[Event "28. Klatovy A 2022"]
[Site "Klatovy"]
[Date "2022.07.02"]
[Round "1.26"]
[White "Stastny, Jakub"]
[Black "Paldus, Jan"]
[Result "1-0"]
[WhiteElo "2023"]
[BlackElo "1709"]
[PlyCount "95"]
[EventDate "2022.07.02"]
[EventType "swiss"]
[EventRounds "9"]
[EventCountry "CZE"]

1. d4 d5 2. c4 e6 3. Nc3 Nf6 4. Bg5 Be7 5. e3 O-O 6. cxd5 exd5 7. Bd3 c6 8. Qc2 Nbd7 9. Nf3 Re8 10. O-O h6 11. Bf4 Nh5 12. Nxd5 Nxf4 13. Nxf4 Bd6 14. Ne2 Nb6 15. Bh7+ Kh8 16. Bf5 Qe7 17. Nc3 Be6 18. Bxe6 Qxe6 19. Rfe1 Re7 20. Rad1 Rae8 21. Qb3 Bb8 22. Qxe6 Rxe6 23. Kf1 Kg8 24. Ke2 f5 25. Kd3 Kf7 26. h3 g5 27. Nd2 f4 28. e4 Kg6 29. f3 Rd8 30. Nc4 Be5 31. Nxe5+ Rxe5 32. Kc2 Re7 33. b3 Red7 34. Ne2 a5 35. Rd2 Nc8 36. Red1 Ne7 37. Kb2 Kf6 38. Nc3 b6 39. d5 c5 40. d6 Nc8 41. Nb5 Na7 42. Nxa7 Rxa7 43. Kc3 Ke6 44. d7 Raxd7 45. Rxd7 Rxd7 46. Rxd7 Kxd7 47. Kc4 Kc6 48. a4 1-0

[Event "28. Klatovy A 2022"]
[Site "Klatovy"]
[Date "2022.07.02"]
[Round "1.27"]
[White "Mik, Tomas"]
[Black "Strnad, Jakub"]
[Result "0-1"]
[WhiteElo "1683"]
[BlackElo "1994"]
[PlyCount "72"]
[EventDate "2022.07.02"]
[EventType "swiss"]
[EventRounds "9"]
[EventCountry "CZE"]

1. e4 e5 2. Nf3 Nc6 3. Nc3 Nf6 4. Bb5 d6 5. d4 exd4 6. Nxd4 Bd7 7. Bxc6 bxc6 8. Qf3 c5 9. Nf5 h6 10. O-O g6 11. Ne3 Bg7 12. b3 O-O 13. Bb2 Re8 14. Rab1 Nh7 15. Nc4 Bc6 16. Rfe1 Ng5 17. Qd3 Ne6 18. g3 Nd4 19. f4 f5 20. Nd2 Qe7 21. Kf2 Qe6 22. exf5 Qxf5 23. Qxf5 gxf5 24. Rbc1 Rxe1 25. Kxe1 Re8+ 26. Kf2 Nb5 27. Nd1 Bxb2 28. Nxb2 Nd4 29. Re1 Rxe1 30. Kxe1 Nxc2+ 31. Kf2 Kf7 32. Nbc4 Ke6 33. h3 h5 34. Nf3 Nb4 35. Ng5+ Kf6 36. a4 Nc2 0-1

[Event "28. Klatovy A 2022"]
[Site "Klatovy"]
[Date "2022.07.03"]
[Round "2.1"]
[White "Straka, Vojtech"]
[Black "Skypala, Ondrej"]
[Result "1-0"]
[WhiteElo "2421"]
[BlackElo "2142"]
[PlyCount "53"]
[EventDate "2022.07.02"]
[EventType "swiss"]
[EventRounds "9"]
[EventCountry "CZE"]

1. d4 Nf6 2. c4 e6 3. g3 d5 4. Nf3 b6 5. cxd5 Nxd5 6. Bg2 Bb7 7. O-O Be7 8. Qa4+ c6 9. e4 Nf6 10. Nc3 O-O 11. Rd1 Nbd7 12. a3 a5 13. Be3 Re8 14. Rac1 Bf8 15. Qc2 h6 16. Ne5 Rc8 17. Qe2 Qe7 18. Nxd7 Qxd7 19. Na4 b5 20. Nb6 Qc7 21. Nxc8 Qxc8 22. d5 exd5 23. exd5 c5 24. Qxb5 Ba6 25. Qxa5 Ng4 26. d6 Qf5 27. Rxc5 1-0

[Event "28. Klatovy A 2022"]
[Site "Klatovy"]
[Date "2022.07.03"]
[Round "2.2"]
[White "Jun, Rudolf Jr"]
[Black "Slovak, Kilian"]
[Result "1/2-1/2"]
[WhiteElo "2134"]
[BlackElo "2321"]
[PlyCount "105"]
[EventDate "2022.07.02"]
[EventType "swiss"]
[EventRounds "9"]
[EventCountry "CZE"]

1. e4 c5 2. Nf3 d6 3. Bb5+ Nd7 4. O-O a6 5. Bd3 Ngf6 6. c3 b5 7. Re1 e6 8. Bc2 Bb7 9. d4 Be7 10. Nbd2 Qc7 11. Nf1 O-O 12. Ng3 Rfc8 13. Bg5 cxd4 14. Nxd4 h6 15. Be3 Ne5 16. h3 Bf8 17. a4 bxa4 18. Rxa4 d5 19. Bf4 Bd6 20. exd5 Nxd5 21. Bc1 Nf6 22. Ne4 Nxe4 23. Bxe4 Bxe4 24. Rxe4 Rd8 25. Qe2 Nc6 26. Rg4 Nxd4 27. Raxd4 Be5 28. Rxd8+ Rxd8 29. Be3 a5 30. g3 Qd6 31. Bd4 f5 32. Rh4 Bf6 33. Bxf6 Qd1+ 34. Qxd1 Rxd1+ 35. Kg2 gxf6 36. Rxh6 Kg7 37. Rh4 Rd2 38. b4 axb4 39. cxb4 e5 40. Rc4 e4 41. Kf1 Rb2 42. Rc5 Rxb4 43. Rxf5 Kg6 44. Rd5 f5 45. Rd8 Rb2 46. Rd6+ Kf7 47. h4 Ke7 48. Ra6 Rb1+ 49. Kg2 Rb2 50. Kf1 Rb1+ 51. Ke2 Rb2+ 52. Ke3 Rb3+ 53. Ke2 1/2-1/2

[Event "28. Klatovy A 2022"]
[Site "Klatovy"]
[Date "2022.07.03"]
[Round "2.3"]
[White "Hurdzan, Tomas"]
[Black "Lhotska, Anna"]
[Result "1-0"]
[WhiteElo "2317"]
[BlackElo "2113"]
[PlyCount "83"]
[EventDate "2022.07.02"]
[EventType "swiss"]
[EventRounds "9"]
[EventCountry "CZE"]

1. e4 c5 2. Nf3 d6 3. d4 cxd4 4. Nxd4 Nf6 5. Nc3 a6 6. Bg5 Nbd7 7. Bc4 e6 8. Qe2 Qa5 9. f4 Be7 10. O-O-O h6 11. Bh4 g5 12. fxg5 hxg5 13. Nb3 Qc7 14. Bxg5 Ne5 15. Bd3 Bd7 16. Rdf1 Nd5 17. Bd2 Nb6 18. g4 O-O-O 19. g5 Rh3 20. Nd4 Bc6 21. g6 Nbd7 22. gxf7 Nc5 23. Bc4 Nxc4 24. Qxc4 b5 25. Qe2 b4 26. Nd1 Bxe4 27. Nf2 b3 28. axb3 Nxb3+ 29. Kb1 Nxd4 30. Qxe4 Rh4 31. Qd3 e5 32. Ne4 Kb7 33. Rhg1 d5 34. Nc3 Bc5 35. Rg8 Bf8 36. Bg5 Rxh2 37. Bxd8 Qxd8 38. Nxd5 Nxc2 39. Qb3+ Ka7 40. Rxf8 Qxf8 41. Qb6+ Ka8 42. Nc7# 1-0

[Event "28. Klatovy A 2022"]
[Site "Klatovy"]
[Date "2022.07.03"]
[Round "2.4"]
[White "Kopriva, Martin"]
[Black "Hausner, Ivan"]
[Result "1/2-1/2"]
[WhiteElo "2124"]
[BlackElo "2290"]
[PlyCount "30"]
[EventDate "2022.07.02"]
[EventType "swiss"]
[EventRounds "9"]
[EventCountry "CZE"]

1. e4 e5 2. Nf3 Nc6 3. Bb5 a6 4. Ba4 d6 5. c3 Bd7 6. O-O g6 7. d4 Bg7 8. Re1 Nge7 9. Bc2 O-O 10. d5 Nb8 11. c4 a5 12. Nc3 Na6 13. a3 Nc8 14. Be3 Nb6 15. Qe2 Bg4 1/2-1/2

[Event "28. Klatovy A 2022"]
[Site "Klatovy"]
[Date "2022.07.03"]
[Round "2.5"]
[White "Hulin, Petr"]
[Black "Vorisek, Jaroslav"]
[Result "0-1"]
[WhiteElo "2090"]
[BlackElo "2270"]
[PlyCount "82"]
[EventDate "2022.07.02"]
[EventType "swiss"]
[EventRounds "9"]
[EventCountry "CZE"]

1. d4 Nf6 2. Nf3 e6 3. e3 b6 4. Nbd2 Bb7 5. Bd3 c5 6. O-O Nc6 7. c4 Be7 8. b3 O-O 9. Bb2 d6 10. a3 Qc7 11. e4 cxd4 12. Nxd4 a6 13. f4 Nd7 14. Qh5 g6 15. Nxc6 Qxc6 16. Qh3 Bf6 17. Bxf6 Nxf6 18. Kh1 Qc5 19. Rae1 Rad8 20. f5 Rde8 21. Nf3 exf5 22. b4 Qc8 23. exf5 Kg7 24. Qg3 Rxe1 25. Rxe1 Re8 26. Rxe8 Qxe8 27. fxg6 hxg6 28. Nd4 Ne4 29. Bxe4 Qxe4 30. Nf3 Qxc4 31. h3 Qd3 32. Qf4 Bxf3 33. gxf3 Qf1+ 34. Kh2 Qe2+ 35. Kh1 Qe5 36. Qg4 d5 37. Kg2 d4 38. Qd7 Qe2+ 39. Kg3 Qe3 40. Qc6 g5 41. Qxb6 Qg1# 0-1

[Event "28. Klatovy A 2022"]
[Site "Klatovy"]
[Date "2022.07.03"]
[Round "2.6"]
[White "Kupsa, Matej 2001"]
[Black "Formanek, Martin"]
[Result "1/2-1/2"]
[WhiteElo "2079"]
[BlackElo "2233"]
[PlyCount "64"]
[EventDate "2022.07.02"]
[EventType "swiss"]
[EventRounds "9"]
[EventCountry "CZE"]

1. d4 Nf6 2. c4 g6 3. Nc3 Bg7 4. e4 d6 5. h3 O-O 6. Be3 c5 7. Nf3 cxd4 8. Nxd4 b6 9. Qc2 Bb7 10. Be2 Nbd7 11. O-O Rc8 12. f4 a6 13. Rad1 Qc7 14. a4 Qb8 15. b3 e6 16. Bf3 Rfd8 17. g4 Nc5 18. g5 Ne8 19. f5 d5 20. f6 dxe4 21. Bg2 Bf8 22. b4 e5 23. bxc5 exd4 24. Bf4 d3 25. Qf2 Bxc5 26. Bxb8 Bxf2+ 27. Kxf2 e3+ 28. Kxe3 Bxg2 29. Rf2 Bxh3 30. Be5 h5 31. gxh6 Kh7 32. Rxd3 Rxd3+ 1/2-1/2

[Event "28. Klatovy A 2022"]
[Site "Klatovy"]
[Date "2022.07.03"]
[Round "2.7"]
[White "Jurek, Josef"]
[Black "Stastny, Jakub"]
[Result "1-0"]
[WhiteElo "2200"]
[BlackElo "2023"]
[PlyCount "61"]
[EventDate "2022.07.02"]
[EventType "swiss"]
[EventRounds "9"]
[EventCountry "CZE"]

1. Nf3 Nf6 2. c4 c6 3. Nc3 d5 4. e3 Bf5 5. cxd5 Nxd5 6. Qb3 Nb6 7. d4 e6 8. e4 Bg6 9. Be3 N8d7 10. Be2 Be7 11. O-O O-O 12. Rfd1 Rc8 13. Rac1 Nf6 14. Nd2 c5 15. dxc5 Bxc5 16. Bxc5 Rxc5 17. Qa3 Nfd7 18. Qxa7 f5 19. e5 Qc7 20. Bf3 Qxe5 21. Qa3 Bf7 22. Bxb7 Rb8 23. Bf3 g5 24. g3 Rbc8 25. Qa6 Nd5 26. Bxd5 exd5 27. Nf3 Qb8 28. Nxg5 Qxb2 29. Nxf7 Kxf7 30. Qd6 Nf8 31. Na4 1-0

[Event "28. Klatovy A 2022"]
[Site "Klatovy"]
[Date "2022.07.03"]
[Round "2.8"]
[White "Turner, Radek"]
[Black "Dvorak, Jan"]
[Result "1/2-1/2"]
[WhiteElo "2032"]
[BlackElo "2194"]
[PlyCount "28"]
[EventDate "2022.07.02"]
[EventType "swiss"]
[EventRounds "9"]
[EventCountry "CZE"]

1. c4 e6 2. g3 d5 3. Nf3 Nf6 4. Bg2 Be7 5. O-O O-O 6. b3 Nbd7 7. Bb2 b6 8. e3 c6 9. Nc3 Ba6 10. d3 b5 11. cxb5 cxb5 12. Nd4 Qb6 13. Qd2 Rac8 14. Rfc1 Rc7 1/2-1/2

[Event "28. Klatovy A 2022"]
[Site "Klatovy"]
[Date "2022.07.03"]
[Round "2.9"]
[White "Flajsman, Pavel"]
[Black "Mach, Ondrej"]
[Result "1-0"]
[WhiteElo "2177"]
[BlackElo "1910"]
[PlyCount "63"]
[EventDate "2022.07.02"]
[EventType "swiss"]
[EventRounds "9"]
[EventCountry "CZE"]

1. c4 e6 2. Nf3 Nf6 3. Nc3 d5 4. d4 Be7 5. g3 Nbd7 6. Bg2 c6 7. Qd3 b6 8. O-O Bb7 9. Rd1 O-O 10. e4 dxe4 11. Nxe4 c5 12. Nfg5 Qc8 13. d5 exd5 14. cxd5 h6 15. d6 Bd8 16. Nxf6+ Nxf6 17. d7 Qb8 18. Ne4 a6 19. Bf4 Qa7 20. Be5 Bxe4 21. Bxe4 Nxe4 22. Qxe4 Bc7 23. Bd6 Bxd6 24. Rxd6 Qc7 25. Rad1 Rfd8 26. Qe7 b5 27. R1d3 f6 28. Re3 Ra7 29. Qxd8+ Qxd8 30. Re8+ Kf7 31. Rxd8 Ke7 32. Re8+ 1-0

[Event "28. Klatovy A 2022"]
[Site "Klatovy"]
[Date "2022.07.03"]
[Round "2.10"]
[White "Strnad, Jakub"]
[Black "Janous, Marek"]
[Result "0-1"]
[WhiteElo "1994"]
[BlackElo "2175"]
[PlyCount "114"]
[EventDate "2022.07.02"]
[EventType "swiss"]
[EventRounds "9"]
[EventCountry "CZE"]

1. e4 c5 2. Nf3 d6 3. d4 cxd4 4. Nxd4 Nf6 5. Nc3 Nc6 6. Be3 Ng4 7. Bc4 Nxe3 8. fxe3 e6 9. Qh5 g6 10. Qb5 a6 11. Qa4 Bd7 12. Nxc6 bxc6 13. Bb3 Be7 14. Qd4 O-O 15. O-O-O e5 16. Qc4 Qb6 17. Qe2 a5 18. Na4 Qb4 19. Qf3 Rab8 20. a3 Qb7 21. Rhf1 Kg7 22. Qxf7+ Rxf7 23. Rxf7+ Kh6 24. Rxe7 Qa7 25. Rxd6 Qxe3+ 26. Kb1 Bg4 27. h3 Be2 28. Rxe5 Qf4 29. Ree6 Qf1+ 30. Ka2 Bc4 31. Rf6 Bxb3+ 32. cxb3 Qxg2 33. Rxc6 Qxe4 34. Rc4 Qd3 35. Rc3 Qe2 36. Rf7 Qd1 37. Rfc7 Rf8 38. Rc1 Qh5 39. R7c3 Qe2 40. Rc5 Rf3 41. R5c3 Rf2 42. Rc5 Qd2 43. R1c4 Rf7 44. b4 axb4 45. Rxb4 Qe1 46. Rbc4 Rf1 47. Nc3 g5 48. Re4 Qa1+ 49. Kb3 Rf2 50. Na4 Rf3+ 51. Rc3 Qd1+ 52. Kb4 Qd6+ 53. Kb3 Qd5+ 54. Rec4 Rf4 55. Kb4 Qb7+ 56. Ka5 Rf6 57. Nc5 Qa7+ 0-1

[Event "28. Klatovy A 2022"]
[Site "Klatovy"]
[Date "2022.07.03"]
[Round "2.11"]
[White "Simet, Martin"]
[Black "Lhotsky, Zdenek"]
[Result "1-0"]
[WhiteElo "2155"]
[BlackElo "1794"]
[PlyCount "49"]
[EventDate "2022.07.02"]
[EventType "swiss"]
[EventRounds "9"]
[EventCountry "CZE"]

1. b3 d5 2. Bb2 Nc6 3. e3 e5 4. Bb5 Bd6 5. d4 exd4 6. Qxd4 f6 7. Nf3 Nge7 8. Nc3 Be6 9. O-O-O O-O 10. Bxc6 Nxc6 11. Qd2 Ne7 12. Rdg1 c5 13. g4 a6 14. g5 f5 15. Ne2 Qc7 16. Qc3 Nc6 17. Ng3 Rac8 18. Kb1 b5 19. Nh5 d4 20. exd4 b4 21. Qe3 Bd5 22. Nf6+ gxf6 23. gxf6+ Kh8 24. dxc5 Bxf3 25. cxd6 1-0

[Event "28. Klatovy A 2022"]
[Site "Klatovy"]
[Date "2022.07.03"]
[Round "2.12"]
[White "Eret, Matous"]
[Black "Flajsman, Petr"]
[Result "1-0"]
[WhiteElo "2273"]
[BlackElo "1809"]
[PlyCount "63"]
[EventDate "2022.07.02"]
[EventType "swiss"]
[EventRounds "9"]
[EventCountry "CZE"]

1. e4 e5 2. Nc3 Nc6 3. f4 Bc5 4. Nf3 d6 5. Na4 Bb6 6. Nxb6 axb6 7. Bb5 Bg4 8. O-O Nge7 9. h3 Bxf3 10. Qxf3 O-O 11. Bxc6 Nxc6 12. f5 f6 13. c3 Qe8 14. g4 Qf7 15. b3 Rfd8 16. d3 d5 17. g5 Rd7 18. Qg4 fxg5 19. Bxg5 b5 20. Rf2 Rd6 21. Raf1 Kh8 22. h4 h6 23. Rg2 Kh7 24. exd5 Rxd5 25. f6 h5 26. Qe4+ g6 27. Be3 Rg8 28. Rg5 Kh8 29. d4 Rgd8 30. Rxg6 Rg8 31. Rxg8+ Kxg8 32. Rf5 1-0

[Event "28. Klatovy A 2022"]
[Site "Klatovy"]
[Date "2022.07.03"]
[Round "2.13"]
[White "Hosnedl, Jiri"]
[Black "Palek, Miroslav"]
[Result "1/2-1/2"]
[WhiteElo "1744"]
[BlackElo "2125"]
[PlyCount "62"]
[EventDate "2022.07.02"]
[EventType "swiss"]
[EventRounds "9"]
[EventCountry "CZE"]

1. d4 c5 2. d5 e5 3. c4 d6 4. e4 Be7 5. Nc3 Bg5 6. g3 Bxc1 7. Qxc1 Nf6 8. Bg2 O-O 9. h3 Na6 10. a3 Bd7 11. Nge2 Nc7 12. O-O b5 13. b3 Qc8 14. Kh2 Rb8 15. a4 bxc4 16. bxc4 a6 17. Qa3 Rb4 18. Qa2 Qb7 19. Rfb1 Rb8 20. a5 Qc8 21. Nc1 R8b7 22. Nd3 Rxb1 23. Rxb1 Qb8 24. Rxb7 Qxb7 25. Qb2 Qxb2 26. Nxb2 Nfe8 27. Nba4 Kf8 28. Nb6 Ke7 29. h4 Nf6 30. f3 Nce8 31. Nca4 Kd8 1/2-1/2

[Event "28. Klatovy A 2022"]
[Site "Klatovy"]
[Date "2022.07.03"]
[Round "2.14"]
[White "Jirousek, Jan"]
[Black "Kroulik, Vaclav"]
[Result "1-0"]
[WhiteElo "2094"]
[BlackElo "1749"]
[PlyCount "99"]
[EventDate "2022.07.02"]
[EventType "swiss"]
[EventRounds "9"]
[EventCountry "CZE"]

1. d4 Nf6 2. Nf3 d5 3. c4 e6 4. Nc3 b6 5. Bf4 Bb7 6. cxd5 Nxd5 7. Nxd5 Bxd5 8. a3 Nd7 9. e3 Rc8 10. Ba6 Rb8 11. Bd3 Bd6 12. Bxd6 cxd6 13. O-O O-O 14. Qe2 Qe7 15. Rac1 Nf6 16. Nd2 Rfc8 17. f3 Bb7 18. e4 d5 19. e5 Ne8 20. Rce1 Nc7 21. f4 f5 22. Rf3 g6 23. Rh3 Bc6 24. Nf3 Kg7 25. Ng5 Rh8 26. Rc1 h6 27. Nf3 Bb7 28. Rg3 Kf7 29. h4 Rhg8 30. Rh3 Rbf8 31. Kh1 Ke8 32. Qc2 Kd8 33. Qa4 a6 34. Qb3 Na8 35. g3 Qd7 36. Rh2 Ke7 37. Qb4+ Kf7 38. Rg1 Qe7 39. Qb3 Rh8 40. Kg2 Rfg8 41. Kf2 g5 42. hxg5 hxg5 43. Nxg5+ Kf8 44. Rgh1 Rxh2+ 45. Rxh2 Bc8 46. Nh7+ Kg7 47. Nf6 Rh8 48. Rxh8 Kxh8 49. Qd1 Qf7 50. Qh1+ 1-0

[Event "28. Klatovy A 2022"]
[Site "Klatovy"]
[Date "2022.07.03"]
[Round "2.15"]
[White "Kunc, Jan"]
[Black "Richter, Martin1"]
[Result "1/2-1/2"]
[WhiteElo "2062"]
[BlackElo "1929"]
[PlyCount "88"]
[EventDate "2022.07.02"]
[EventType "swiss"]
[EventRounds "9"]
[EventCountry "CZE"]

1. d4 Nf6 2. c4 e6 3. g3 Bb4+ 4. Bd2 c5 5. Bxb4 cxb4 6. Nf3 O-O 7. Bg2 d6 8. O-O Qe7 9. a3 bxa3 10. Rxa3 Nc6 11. Nc3 e5 12. dxe5 dxe5 13. Nd5 Qd8 14. Qb3 e4 15. Nd2 Nd4 16. Nxf6+ gxf6 17. Qd1 f5 18. Nb3 Nc6 19. Qc2 Qf6 20. f3 e3 21. f4 Be6 22. Bxc6 bxc6 23. Nc5 Rab8 24. Qc3 Qxc3 25. Rxc3 Rxb2 26. Nxe6 fxe6 27. Rxe3 Re8 28. Ra1 Re7 29. Ra6 Rb6 30. Rea3 Rxa6 31. Rxa6 Rc7 32. Kf2 Kf7 33. Ke3 c5 34. Kd3 h5 35. Kc3 Kf6 36. Kb3 Rb7+ 37. Kc3 Rc7 38. Ra5 Ke7 39. Kb3 Rb7+ 40. Ka3 Kd6 41. Ra6+ Kd7 42. Ra5 Kd6 43. Ra6+ Kd7 44. Ra5 Kd6 1/2-1/2

[Event "28. Klatovy A 2022"]
[Site "Klatovy"]
[Date "2022.07.03"]
[Round "2.16"]
[White "Martirosyan, David"]
[Black "Gernert, Otakar"]
[Result "1/2-1/2"]
[WhiteElo "1826"]
[BlackElo "2039"]
[PlyCount "44"]
[EventDate "2022.07.02"]
[EventType "swiss"]
[EventRounds "9"]
[EventCountry "CZE"]

1. d4 Nf6 2. Nf3 b6 3. e3 Bb7 4. Bd3 e6 5. Nbd2 c5 6. b3 Be7 7. Bb2 O-O 8. O-O d6 9. c4 Nbd7 10. Qe2 Rc8 11. Rac1 Qc7 12. Rfd1 Rfd8 13. h3 Nf8 14. Bb1 Qc6 15. e4 cxd4 16. Nxd4 Qc5 17. N2f3 Ng6 18. Nb5 Ra8 19. Ba3 Qc6 20. Nbd4 Qc7 21. Nb5 Qc6 22. Nbd4 Qc7 1/2-1/2

[Event "28. Klatovy A 2022"]
[Site "Klatovy"]
[Date "2022.07.03"]
[Round "2.17"]
[White "Kopta, Pavel"]
[Black "Langmajer, Jan"]
[Result "1-0"]
[WhiteElo "2234"]
[BlackElo "1869"]
[PlyCount "79"]
[EventDate "2022.07.02"]
[EventType "swiss"]
[EventRounds "9"]
[EventCountry "CZE"]

1. d4 d5 2. c4 e6 3. Nc3 Nf6 4. Bg5 Nbd7 5. cxd5 exd5 6. e3 c6 7. Bd3 Be7 8. Nge2 O-O 9. Qc2 Re8 10. O-O h6 11. Bh4 Ne4 12. Bxe7 Qxe7 13. Rae1 Ndf6 14. f3 Nxc3 15. Nxc3 Qd6 16. Qf2 Be6 17. h3 Rad8 18. g4 Re7 19. Kh1 Rde8 20. Rg1 g5 21. Re2 Kg7 22. h4 Bd7 23. Rge1 b6 24. Kg2 Rh8 25. Qg3 Qxg3+ 26. Kxg3 Rhe8 27. b4 Bc8 28. Nd1 Bd7 29. Nf2 Nh7 30. f4 gxf4+ 31. exf4 Rxe2 32. Rxe2 Rxe2 33. Bxe2 f5 34. g5 Nf8 35. Bd3 Kg6 36. Ng4 hxg5 37. Ne5+ Kg7 38. fxg5 f4+ 39. Kf3 Be8 40. Bf5 1-0

[Event "28. Klatovy A 2022"]
[Site "Klatovy"]
[Date "2022.07.03"]
[Round "2.18"]
[White "Skola, Miroslav"]
[Black "Pecka, Jan"]
[Result "1-0"]
[WhiteElo "2086"]
[BlackElo "1863"]
[PlyCount "117"]
[EventDate "2022.07.02"]
[EventType "swiss"]
[EventRounds "9"]
[EventCountry "CZE"]

1. e4 e5 2. Nf3 Nc6 3. Be2 Nf6 4. d3 Bc5 5. O-O O-O 6. c3 d5 7. Nbd2 a5 8. b3 Qe7 9. a3 Rd8 10. Qc2 Be6 11. Bb2 Ba7 12. b4 axb4 13. cxb4 dxe4 14. dxe4 Nd4 15. Nxd4 Bxd4 16. Bxd4 exd4 17. Bd3 Nh5 18. f4 f5 19. g3 fxe4 20. Nxe4 Bd5 21. Rfe1 Nf6 22. Ng5 Qd6 23. Nxh7 Ng4 24. Qe2 Ne3 25. Qh5 Bf7 26. Qh3 Bg6 27. Bxg6 Qxg6 28. Ng5 Rd6 29. Rac1 Nc2 30. Re6 Rxe6 31. Qxe6+ Qxe6 32. Nxe6 d3 33. Nc5 d2 34. Rd1 Rd8 35. Kf2 b6 36. Ne6 Rd7 37. Ke2 Nxa3 38. Rxd2 Re7 39. f5 g6 40. g4 gxf5 41. gxf5 Nc4 42. Rd8+ Kh7 43. Rc8 Nd6 44. Rxc7 Nxf5 45. Kd3 Kg6 46. Rxe7 Nxe7 47. Kc4 Kf5 48. Nc7 Nc6 49. Nd5 Ke4 50. Nxb6 Kf3 51. Nd5 Ne5+ 52. Kd4 Nc6+ 53. Kc5 Na7 54. b5 Nc8 55. b6 Nxb6 56. Kxb6 Kg4 57. Ne3+ Kh3 58. Nf1 Kg4 59. Kc5 1-0

[Event "28. Klatovy A 2022"]
[Site "Klatovy"]
[Date "2022.07.03"]
[Round "2.19"]
[White "Krauskopfova, Lenka 1996"]
[Black "Bartonicek, Zdenek"]
[Result "1/2-1/2"]
[WhiteElo "1839"]
[BlackElo "1976"]
[PlyCount "42"]
[EventDate "2022.07.02"]
[EventType "swiss"]
[EventRounds "9"]
[EventCountry "CZE"]

1. c4 e5 2. Nc3 Nc6 3. g3 g6 4. Bg2 Bg7 5. e3 d6 6. Nge2 Nge7 7. d3 O-O 8. O-O Rb8 9. Rb1 a6 10. b4 b5 11. cxb5 axb5 12. a4 bxa4 13. b5 Na5 14. Qxa4 Nb7 15. Qa7 Bf5 16. Bxb7 Bxd3 17. Rb4 d5 18. Re1 c5 19. Ra4 d4 20. exd4 cxd4 21. Na2 Bxb5 1/2-1/2

[Event "28. Klatovy A 2022"]
[Site "Klatovy"]
[Date "2022.07.03"]
[Round "2.20"]
[White "Chalus, Karel"]
[Black "Danko, Jiri"]
[Result "1-0"]
[WhiteElo "1975"]
[BlackElo "1837"]
[PlyCount "77"]
[EventDate "2022.07.02"]
[EventType "swiss"]
[EventRounds "9"]
[EventCountry "CZE"]

1. e4 e5 2. Nf3 Nc6 3. Bb5 a6 4. Ba4 Nf6 5. O-O b5 6. Bb3 Be7 7. Re1 O-O 8. h3 d6 9. c3 Na5 10. Bc2 c5 11. d4 Qc7 12. Nbd2 Bd7 13. dxe5 dxe5 14. Nf1 Rfe8 15. Ng3 h6 16. Qe2 Bf8 17. Nh2 Rab8 18. Qf3 Re6 19. Nf5 Kh7 20. Qg3 Nc6 21. a4 Ne7 22. Nxe7 Rxe7 23. axb5 axb5 24. Qh4 Ng8 25. f4 f6 26. Nf3 Rbe8 27. fxe5 g5 28. Qh5 Rxe5 29. Nxe5 Qxe5 30. Qf7+ Kh8 31. Qxd7 Bd6 32. Qg4 Qh2+ 33. Kf1 f5 34. Qh5 Qh1+ 35. Kf2 Bg3+ 36. Kxg3 Qxe1+ 37. Kh2 Rf8 38. Qd1 Qh4 39. g3 1-0

[Event "28. Klatovy A 2022"]
[Site "Klatovy"]
[Date "2022.07.03"]
[Round "2.21"]
[White "Borovsky, Ivan 1969"]
[Black "Novotny, David"]
[Result "0-1"]
[WhiteElo "1813"]
[BlackElo "1958"]
[PlyCount "64"]
[EventDate "2022.07.02"]
[EventType "swiss"]
[EventRounds "9"]
[EventCountry "CZE"]

1. e4 c5 2. Nf3 d6 3. d4 cxd4 4. Nxd4 Nf6 5. Nc3 Nc6 6. Bc4 Qb6 7. Ndb5 a6 8. Be3 Qa5 9. Nd4 Nxe4 10. Qf3 f5 11. Nxc6 bxc6 12. O-O-O d5 13. Nxd5 cxd5 14. Bxd5 Rb8 15. Bc6+ Kf7 16. Bxe4 e6 17. Bc6 Rxb2 18. Bd4 Rxa2 19. Rd3 Ra1+ 20. Bxa1 Qxa1+ 21. Kd2 Qxh1 22. Qg3 Bb4+ 23. c3 Be7 24. Ke2 Qb1 25. Qc7 Qa2+ 26. Rd2 Qc4+ 27. Ke1 Qc5 28. g4 g6 29. c4 Qb4 30. Kd1 Qb3+ 31. Ke1 Qc3 32. g5 Rd8 0-1

[Event "28. Klatovy A 2022"]
[Site "Klatovy"]
[Date "2022.07.03"]
[Round "2.22"]
[White "Pick, Stepan"]
[Black "Popov, Roman4"]
[Result "1/2-1/2"]
[WhiteElo "1952"]
[BlackElo "1826"]
[PlyCount "79"]
[EventDate "2022.07.02"]
[EventType "swiss"]
[EventRounds "9"]
[EventCountry "CZE"]

1. Nf3 d5 2. c4 c6 3. e3 Nf6 4. Nc3 e6 5. b3 Be7 6. Bb2 b6 7. Qc2 O-O 8. d4 Bb7 9. Be2 c5 10. O-O Nc6 11. Rfd1 Rc8 12. dxc5 bxc5 13. a3 Qc7 14. cxd5 exd5 15. Ng5 Ne5 16. Rxd5 Ng6 17. Rd2 Bd6 18. h3 Qe7 19. Bf3 Ba6 20. Nge4 Nxe4 21. Nxe4 Be5 22. Nc3 Nh4 23. Be4 f5 24. Bd5+ Kh8 25. f4 Bc7 26. Nd1 Bb6 27. Bc4 Bb7 28. Be5 Rcd8 29. Rxd8 Rxd8 30. Bf1 Be4 31. Qc3 Ng6 32. Nf2 Bc6 33. Rd1 Rxd1 34. Nxd1 Nxe5 35. Qxe5 Qxe5 36. fxe5 Kg8 37. Bc4+ Kf8 38. Nc3 Ke7 39. Kf2 Bc7 40. Nd5+ 1/2-1/2

[Event "28. Klatovy A 2022"]
[Site "Klatovy"]
[Date "2022.07.03"]
[Round "2.23"]
[White "Novotny, Jaroslav2"]
[Black "Fiser, Jiri2"]
[Result "1-0"]
[WhiteElo "1911"]
[BlackElo "1800"]
[PlyCount "69"]
[EventDate "2022.07.02"]
[EventType "swiss"]
[EventRounds "9"]
[EventCountry "CZE"]

1. e4 c5 2. Nf3 Nc6 3. d4 cxd4 4. Nxd4 Qb6 5. Nb3 Nf6 6. Nc3 e6 7. Be3 Qc7 8. a3 a6 9. Be2 Be7 10. f4 d6 11. g4 b5 12. g5 Nd7 13. Rf1 h6 14. h4 hxg5 15. hxg5 Nb6 16. Bxb6 Qxb6 17. Qd2 Bd7 18. O-O-O O-O-O 19. Bf3 Rh4 20. Rh1 Rdh8 21. Rxh4 Rxh4 22. Bh1 Qd8 23. Qf2 Rxf4 24. Qg2 Bxg5 25. Kb1 Kc7 26. Ne2 Rh4 27. Ned4 Nxd4 28. Nxd4 Bc6 29. Nxc6 Kxc6 30. Qf3 Rf4 31. Qc3+ Kd7 32. e5 d5 33. Bxd5 exd5 34. Rxd5+ Ke7 35. Qc5+ 1-0

[Event "28. Klatovy A 2022"]
[Site "Klatovy"]
[Date "2022.07.03"]
[Round "2.24"]
[White "Roubal, Matyas"]
[Black "Rerabek, Jaroslav"]
[Result "1-0"]
[WhiteElo "1909"]
[BlackElo "1721"]
[PlyCount "29"]
[EventDate "2022.07.02"]
[EventType "swiss"]
[EventRounds "9"]
[EventCountry "CZE"]

1. e4 c5 2. Nf3 g6 3. d4 cxd4 4. Nxd4 Bg7 5. Nc3 Nc6 6. Be3 Nf6 7. Bc4 O-O 8. Bb3 Na5 9. e5 Ne8 10. Bxf7+ Kxf7 11. Ne6 dxe6 12. Qxd8 Nc6 13. Qd2 Nxe5 14. Qe2 b6 15. Bd4 1-0

[Event "28. Klatovy A 2022"]
[Site "Klatovy"]
[Date "2022.07.03"]
[Round "2.25"]
[White "Boucek, Vlastimil 1968"]
[Black "Novak, Vaclav2"]
[Result "0-1"]
[WhiteElo "1756"]
[BlackElo "1904"]
[PlyCount "68"]
[EventDate "2022.07.02"]
[EventType "swiss"]
[EventRounds "9"]
[EventCountry "CZE"]

1. e4 c5 2. Nc3 Nc6 3. Nf3 d6 4. d4 cxd4 5. Nxd4 g6 6. Bb5 Bd7 7. Nxc6 bxc6 8. Bc4 Bg7 9. Qd3 Nf6 10. h3 O-O 11. O-O Qc7 12. Bb3 a5 13. a3 Rab8 14. Rb1 Qc8 15. Rd1 Be6 16. Bxe6 Qxe6 17. Bd2 Rfc8 18. Re1 Nd7 19. Qe3 Ne5 20. b3 c5 21. Nd5 Nc6 22. c3 Rb7 23. Qd3 Rcb8 24. f4 Rxb3 25. Rxb3 Rxb3 26. Qa6 Nb8 27. Qxa5 Qd7 28. Qa8 e6 29. Nb4 Qc8 30. Qa4 c4 31. Rc1 Nd7 32. Nc6 Nb6 33. Qxb3 Qxc6 34. Rb1 cxb3 0-1